LEADER 02729nam 2200661 450 001 9910461203103321 005 20200520144314.0 010 $a1-118-37672-2 010 $a1-118-37671-4 035 $a(CKB)3710000000476379 035 $a(EBL)4034662 035 $a(SSID)ssj0001552711 035 $a(PQKBManifestationID)16171435 035 $a(PQKBTitleCode)TC0001552711 035 $a(PQKBWorkID)13459492 035 $a(PQKB)10064873 035 $a(PQKBManifestationID)14781662 035 $a(PQKBWorkID)14190566 035 $a(PQKB)24283854 035 $a(MiAaPQ)EBC4034662 035 $a(DLC) 2015030241 035 $a(Au-PeEL)EBL4034662 035 $a(CaPaEBR)ebr11109947 035 $a(CaONFJC)MIL831278 035 $a(OCoLC)923139446 035 $a(EXLCZ)993710000000476379 100 $a20151105h20162016 uy 0 101 0 $aeng 135 $aur|n#|||||||| 181 $ctxt$2rdacontent 181 $csti$2rdacontent 182 $cc$2rdamedia 183 $acr$2rdacarrier 200 10$aCompanion animal ethics /$fPeter Sandøe, Sandra Corr, Clare Palmer 210 1$aChichester, [England] :$cWiley,$d2016. 210 4$d©2016 215 $a1 online resource (326 pages) $ccolour illustrations 225 1 $aUFAW Animal Welfare Series 311 $a1-118-37669-2 320 $aIncludes bibliographical references at the end of each chapters and index. 327 $aHistory of companion animals and the companion animal sector -- The development and role of the veterinary and other professions in relation to companion animals -- Human attachment to companion animals -- Companion animal welfare -- Theories of companion animal ethics -- Breeding and acquiring companion animals -- Selective breeding -- Feeding - and the problem of obesity -- Companion animal training and behavioural problems -- Routine neutering of companion animals -- Performing convenience surgery : tail docking, ear cropping, debarking and declawing -- Treating ill animals, and end-of-life issues -- Unwanted and unowned companion animals -- Ethics and broader impacts of companion animals -- Other companions -- Companion animals and the future. 410 0$aUFAW animal welfare series. 606 $aPets$xMoral and ethical aspects 606 $aAnimal welfare 608 $aElectronic books. 615 0$aPets$xMoral and ethical aspects. 615 0$aAnimal welfare. 676 $a179/.3 700 $aSandøe$b Peter$0431547 702 $aCorr$b Sandra 702 $aPalmer$b Clare$f1967- 801 0$bMiAaPQ 801 1$bMiAaPQ 801 2$bMiAaPQ 906 $aBOOK 912 $a9910461203103321 996 $aCompanion animal ethics$92045584 997 $aUNINA LEADER 02484nam 2200565 450 001 9910788606303321 005 20180731044136.0 010 $a1-4704-0644-6 035 $a(CKB)3360000000464346 035 $a(EBL)3113464 035 $a(SSID)ssj0000973339 035 $a(PQKBManifestationID)11527850 035 $a(PQKBTitleCode)TC0000973339 035 $a(PQKBWorkID)10959569 035 $a(PQKB)11527574 035 $a(MiAaPQ)EBC3113464 035 $a(RPAM)327479 035 $a(PPN)195410459 035 $a(EXLCZ)993360000000464346 100 $a20750625h19751975 uy| 0 101 0 $aeng 135 $aur|n|---||||| 181 $ctxt 182 $cc 183 $acr 200 10$aMinimal degrees of unsolvability and the full approximation construction /$fRichard L. Epstein 210 1$aProvidence :$cAmerican Mathematical Society,$d[1975] 210 4$d©1975 215 $a1 online resource (147 p.) 225 1 $aMemoirs of the American Mathematical Society ;$vvolume 3, issue 1, number 162 (September 1975) 300 $aOriginally presented as the author's thesis, University of California, Berkeley. 311 $a0-8218-1862-7 320 $aIncludes bibliographical references and index. 327 $a""TABLE OF CONTENTS""; ""ACKNOWLEDGEMENTS""; ""INTRODUCTION""; ""CHAPTER I: A MINIMAL DEGREE""; ""Functionals and Trees""; ""Splitting Trees and Computation Lemmas""; ""A Minimal Degree""; ""CHAPTER II: A MINIMAL DEGREE m < 0'""; ""Motivation""; ""Boundary Strings and Dummy Extensions""; ""Construction of m < 0'""; ""Proof""; ""T*[sub(e)]""; ""CHAPTER III: A MINIMAL DEGREE such that m' = 0'""; ""Motivation""; ""Construction of m = 0'""; ""Proof""; ""CHAPTER IV: MINIMAL DEGREES AND THE JUMP OPERATOR""; ""Motivation""; ""Further Topics and Remarks""; ""CHAPTER V: A MINIMAL DEGREE m < a r.e."" 410 0$aMemoirs of the American Mathematical Society ;$vnumber 162. 606 $aUnsolvability (Mathematical logic) 606 $aRecursive functions 606 $aConstructive mathematics 615 0$aUnsolvability (Mathematical logic) 615 0$aRecursive functions. 615 0$aConstructive mathematics. 676 $a511/.3 700 $aEpstein$b Richard L.$f1947-$046609 801 0$bMiAaPQ 801 1$bMiAaPQ 801 2$bMiAaPQ 906 $aBOOK 912 $a9910788606303321 996 $aMinimal degrees of unsolvability and the full approximation construction$93838633 997 $aUNINA